Guía para el seguimiento del niño sano / (Registro nro. 1372)

Detalles MARC
000 -LEADER
fixed length control field 01344nam a2200361 a 4500
005 - FECHA ULTIMA MODIFICACION
control field 20240423133011.0
008 - CAMPO DE CONTROL (LIBRO)
fixed length control field 100706s2013||||ag a f |||| 00| 0 spa d
020 ## - INTERNATIONAL STANDARD BOOK NUMBER
ISBN 9789871259748
041 ## - CODIGO DE IDIOMA
Código de idioma del texto/pista de sonido o título separado spa
092 ## - SIGNATURA TOPOGRAFICA DEWEY LOCAL
número de clasificación 618.92
libristica 31
sección GUI
245 ## - TITULO PROPIAMENTE DICHO
Título Guía para el seguimiento del niño sano /
Mención de responsabilidad y remanente de la transcripción de la portada Miguel Körte
250 ## - MENCION DE EDICION
Mención de edición 2a ed.
260 3# - PIE DE IMPRENTA
Lugar de publicación, distribución, etc Buenos Aires:
Nombre de la editorial, distribuidor, etc Journal;
Fecha de publicación 2013.
300 ## - DESCRIPCION FISICA
Extension 347 p.
500 ## - NOTA GENERAL
Nota general Körte, M. et al. (2013). Guía para el seguimiento del niño sano. (2a ed.). Buenos Aires : Journal.
653 ## - TÉRMINO INDIZADO - PALABRAS CLAVES
Palabra clave Desarrollo del globo ocular y los anexos
653 ## - TÉRMINO INDIZADO - PALABRAS CLAVES
Palabra clave Anejos oculares, superficie ocular, córnea y esclera
653 ## - TÉRMINO INDIZADO - PALABRAS CLAVES
Palabra clave Ametropías, cristalino y cirugía refractiva
653 ## - TÉRMINO INDIZADO - PALABRAS CLAVES
Palabra clave Vitreorretina y úvez. Patología cascular retiniana
653 ## - TÉRMINO INDIZADO - PALABRAS CLAVES
Palabra clave Glaucoma
653 ## - TÉRMINO INDIZADO - PALABRAS CLAVES
Palabra clave Nervio óptico, vía óptica
653 ## - TÉRMINO INDIZADO - PALABRAS CLAVES
Palabra clave Patología oculomotora y oftalmología pediátrica
653 ## - TÉRMINO INDIZADO - PALABRAS CLAVES
Palabra clave Patología de la órbita y traumatología ocular
653 ## - TÉRMINO INDIZADO - PALABRAS CLAVES
Palabra clave Métodos de exploración en oftalmología
653 ## - TÉRMINO INDIZADO - PALABRAS CLAVES
Palabra clave Urgencias en oftalmología
700 1# - ENTRADAS SECUNDARIAS - NOMBRE PERSONAL
Nombre personal Körte, Miguel
9 (RLIN) 2154
700 1# - ENTRADAS SECUNDARIAS - NOMBRE PERSONAL
Nombre personal Villafañe Molina, Solana
9 (RLIN) 2155
700 1# - ENTRADAS SECUNDARIAS - NOMBRE PERSONAL
Nombre personal Granillo, Miguel
9 (RLIN) 2156
700 1# - ENTRADAS SECUNDARIAS - NOMBRE PERSONAL
Nombre personal Olivera, Alejandro D.
9 (RLIN) 2157
700 1# - ENTRADAS SECUNDARIAS - NOMBRE PERSONAL
Nombre personal Dumandzic Sanz, Lenka
9 (RLIN) 2158
700 1# - ENTRADAS SECUNDARIAS - NOMBRE PERSONAL
Nombre personal Colombo, Silvia I.
9 (RLIN) 2159
942 ## - ADDED ENTRY ELEMENTS (KOHA)
Source of classification or shelving scheme Dewey Decimal Classification
Item type Libros
Existencias
Estado de retiro Existencia Fuente de clasificación Estado general No para prestamo Colección Ubicación permanente ubicación actual Sala de ubicación Fecha de adquisición Costo, precio normal de compra Total Checkouts Número de clasificación Código de barras Date last seen Date last borrowed Número de ejemplar Price effective from Koha tipo de elemento (item) Public note Total Renewals Fuente de adquisición Coded location qualifier
    Dewey Decimal Classification     Reference Biblioteca Medicina Biblioteca Medicina Referencia 08/05/2013 110.00 1 618.92 31 GUI 2845 03/04/2024 27/03/2024 ej.1 08/05/2013 Reference LIBRO DE CONSULTA. COMPRA PROMED 2DO AÑO. Mayo 2013      
    Dewey Decimal Classification       Biblioteca Medicina Biblioteca Medicina Circulación 08/05/2013 110.00 25 618.92 31 GUI 2846 16/04/2026 09/04/2026 ej.2 08/05/2013 Libros COMPRA PROMED 2DO AÑO. Mayo 2013 6    
    Dewey Decimal Classification       Biblioteca Medicina Biblioteca Medicina Circulación 08/05/2013 110.00 15 618.92 31 GUI 2847 13/03/2025 06/03/2025 ej.3 08/05/2013 Libros COMPRA PROMED 2DO AÑO. Mayo 2013 1    
    Dewey Decimal Classification       Biblioteca Medicina Biblioteca Medicina Circulación 11/04/2023   1 618.92 31 GUI 4838 03/04/2024 26/03/2024 Ej. 4 11/04/2023 Libros Donación Dra. Ocampo, Patricia. Abril 2023.   Donación Dra. Ocampo, Patricia. Abril 2023.  

UNIVERSIDAD NACIONAL DEL COMAHUE
Biblioteca de la Facultad de Ciencias Médicas
Sede Toschi: Los Arrayanes y Av. Toschi, Cipolletti  - Rio Negro
Sede Los Tordos:  Yrigoyen al 2211, Cipolletti - Rio Negro 

Teléfono: 0299 - 4774707 int 25
Contacto: biblioteca@facimed.uncoma.edu.ar
© 2011 - 2026